Представление документа в формате RUSMARC

ПолеНазваниеЗначение
  Тип записи a
  Библиографический уровень c
001 Контрольный номер RU/SLIB/B/208777435
005 Дата корректировки 20260225092440.9
010 Индекс ISBN __
d Цена 4-10
100 Данные общей обработки __
a Данные общей обработки 20240206d1980 de y0rusy028902 ca
101 Язык документа 0_
a Язык текста rus
102 Страна публикации __
a Страна публикации RU
105 Кодированные данные (монография) __
a Кодированные данные (монография) y z 000ay
181 Поле кодированных данных: вид содержания _0
a Код вида содержания (ISBD) i
182 Поле кодированных данных: тип средства _0
a Код типа средства (ISBD) n
200 Заглавие и сведения об ответственности 1_
a Заглавие Сочинения
f Первые сведения об ответственности И. С. Тургенев
b Общее обозначение материала Текст
h Номер части Т. 2
i Наименование части Повести и романы, 1860-1876
e Сведения, относящиеся к заглавию в 2 т.
210 Выходные данные 1_
a Место издания М.
c Издательство Худож. лит.
d Дата издания 1980
215 Физическое описание __
a Объем 448 с.
606 Тематические рубрики __
a Основная рубрика Художественная литература
z Хронологическая подрубрика 19 в.
y Географическая подрубрика Россия
2 Код системы nlr_sh
606 Тематические рубрики __
a Основная рубрика Русская литература XIX в. (произведения)
2 Код системы nlr_sh
610 Ключевые слова 0_
a Ключевые слова писатели; проза; прозаики; романы; классики; повести
686 Индексы других классификаций __
a Классификационный индекс 84(2=411.2)52-4
2 Код системы rubbks
700 Автор _1
a Фамилия Тургенев
b Имя И. С.
g Полное личное имя Иван Сергеевич
4 Код отношения 070
f Даты 1818-1883
801 Источник записи _0
a Страна RU
b Организация Муниципальное бюджетное учреждение культуры "Централизованная библиотечная система" г. Сургут (Центральная городская библиотека им. А. С. Пушкина)
g Правила каталогизации PSBO
801 Источник записи _1
a Страна RU
b Организация Муниципальное бюджетное учреждение культуры "Централизованная библиотечная система" г. Сургут (Центральная городская библиотека им. А. С. Пушкина)
g Правила каталогизации PSBO
852 Данные о местонахождении __
j Шифр хранения 84(2=411.2)52-4
i Авторский знак Т 87
p Инвентарный номер 4448
901 Тип документа __
t Тип документа x
a Ответственный КиК/Лебедева
901 Тип документа __
a Ответственный СКБР2024
903 Характеристики (МАРС) __
c Наименование библиотеки (МАРС) Муниципальное бюджетное учреждение культуры "Централизованная библиотечная система" г. Сургут (Центральная городская библиотека им. А. С. Пушкина)
969 Тип издания __
a Тип издания сборник
990 Данные о заказе (DOS) __
j Количество экземпляров (DOS) 5